Outlines of the history of Greek philosophy / (Record no. 30780)
[ view plain ]
| 000 -LEADER | |
|---|---|
| fixed length control field | 01085nam a22002892 4500 |
| 001 - CONTROL NUMBER | |
| control field | 30780 |
| 003 - CONTROL NUMBER IDENTIFIER | |
| rucl marc code | BD-RjUL |
| 005 - DATE AND TIME OF LATEST TRANSACTION | |
| control field | 20211209051621.0 |
| 008 - FIXED-LENGTH DATA ELEMENTS--GENERAL INFORMATION | |
| fixed length control field | 140412s1963 nyu 000 0 eng c |
| 035 ## - SYSTEM CONTROL NUMBER | |
| System control number | OCLC ocm01497177 from D970514M |
| -- | (BD-RjUL)30867 |
| 040 ## - CATALOGING SOURCE | |
| Original cataloging agency | BWE |
| Transcribing agency | BWE |
| Modifying agency | EQO |
| -- | BD-RjUL |
| Language of cataloging | eng |
| 041 0# - LANGUAGE CODE | |
| Language code of text/sound track or separate title | eng |
| Language code of original | ger |
| 082 ## - DEWEY DECIMAL CLASSIFICATION NUMBER | |
| Classification number | 180 |
| Author mark and year | ZEO 1963 |
| 100 1# - MAIN ENTRY--PERSONAL NAME | |
| Personal name | Zeller, Eduard, |
| Dates associated with a name | 1814-1908. |
| 9 (RLIN) | 93476 |
| 245 10 - TITLE STATEMENT | |
| Title | Outlines of the history of Greek philosophy / |
| Statement of responsibility, etc. | Eduard Zeller; Wilhelm Nestle; Leonard Robert Palmer. |
| 260 ## - PUBLICATION, DISTRIBUTION, ETC. (IMPRINT) | |
| Place of publication, distribution, etc. | New York : |
| Name of publisher, distributor, etc. | The Humanities Press ; |
| Place of publication, distribution, etc. | London : |
| Name of publisher, distributor, etc. | Routledge & K. Paul, |
| Date of publication, distribution, etc. | 1963 |
| 300 ## - PHYSICAL DESCRIPTION | |
| Pagination | xv, 327 p. ; |
| Size | 23 cm. |
| 490 1# - SERIES STATEMENT | |
| Series statement | International library of psychology, philosophy, and scientific method |
| 504 ## - BIBLIOGRAPHY, ETC. NOTE | |
| Bibliography, etc | Bibliography: p. 317-319. |
| 650 #0 - SUBJECT ADDED ENTRY--TOPICAL TERM | |
| Topical term or geographic name as entry element | Philosophy, Ancient. |
| 9 (RLIN) | 3836 |
| 700 12 - ADDED ENTRY--PERSONAL NAME | |
| Personal name | Nestle, Wilhelm, |
| Dates associated with a name | 1865-1959. |
| Personal name | Palmer, Leonard Robert, |
| Dates associated with a name | 1906- |
| 830 #0 - SERIES ADDED ENTRY--UNIFORM TITLE | |
| Uniform title | International library of psychology, philosophy, and scientific method |
| 942 ## - ADDED ENTRY ELEMENTS (KOHA) | |
| Source of classification or shelving scheme | Dewey Decimal Classification |
| Koha item type | Books |
| Lost status | Source of classification or shelving scheme | Damaged status | Not for loan | Permanent Location | Current Location | Shelving location | Date acquired | Source of acquisition | Cost, normal purchase price | Total Checkouts | Full call number | Date last seen | Date checked out | Copy number | Koha item type |
|---|---|---|---|---|---|---|---|---|---|---|---|---|---|---|---|
| Dewey Decimal Classification | Central Library, University of Rajshahi | Central Library, University of Rajshahi | 08/05/1968 | Zeitlinger | 28.00 | 1 | 180 ZEO 1963 | 17/09/2023 | 30/08/2023 | C-10 | Books |